Countries with the most Duolingo German learners - Statistics

General Stats
  • This quiz has been taken 78 times
  • The average score is 7 of 10
Answer Stats
Country % Correct
Serbia
92%
Croatia
77%
Slovenia
74%
Bulgaria
71%
Albania
68%
Bosnia and Herzegovina
68%
Montenegro
68%
Kosovo
62%
Macedonia
62%
Namibia
18%
No matching quizzes found
Score Distribution
Percent of People with Each Score
Percentile by Number Answered
Your Score History
You have not taken this quiz